Open Data Biblioteca Nacional de Portugal


República Portuguesa: Ministério da Cultura
Biblioteca Nacional de Portugal

Catálogo da BNP: acesso por Identificadores Unívocos
Registos Bibliográficos associados ao registo de autoridade

Etiqueta de registo: 00254nam 2200025 450
001 2286163
003 http://id.bnportugal.gov.pt/bib/catbnp/2286163
100 ## $a20260512d2025 k y0pory01030103ba
101 0# $aeng$dpor
102 ## $aPT
105 ## $aa m 001yy
106 ## $ar
200 1# $aFrom exclusion to reception$erestart, relocation and resettlement of refugees in Portugal (2015-2020)$fAllana de Freitas Lacerda$gorient. Elsa Margarida Cabrita de Sousa Lechner, Júlia Maria Machado Garraio
210 #9 $aCoimbra$c[s.n.],$d2025
215 ## $a340 p.$cil.$d29 cm
328 #1 $aTese dout. Direitos Humanos nas Sociedades Contemporâneas, Instituto de Investigação Interdisciplinar da Universidade de Coimbra, 2025
700 #1 $aLacerda,$bAllana de Freitas$31998173
702 #1 $aLechner,$bElsa,$f1968-$4727$31436345
702 #1 $aGarraio,$bJúlia,$f1970-$4727$3277938
801 #0 $aPT$bBN$gRPC
966 ## $lBN$mFGMON$x1
971 ## $cisantos$d20260512

OpendataBNP@bnportugal.pt | Mais informação sobre acesso aos dados BNP